La tresorerie de l'entreprise: le fonds de roulement, le plan de tresorerie, les credits a court terme
Guardat en:
| Autor principal: | |
|---|---|
| Format: | Llibre |
| Idioma: | francès |
| Publicat: |
París
D'Organisation
1964
|
| Col·lecció: | Finances et Entreprise, 1
|
| Matèries: | |
| Etiquetes: |
Afegir etiqueta
Sense etiquetes, Sigues el primer a etiquetar aquest registre!
|
MARC
| LEADER | 00000nam a2200000 a 4500 | ||
|---|---|---|---|
| 001 | UCQ0719 | ||
| 003 | CL-VaPUC | ||
| 008 | 980703e19640000FR |||||||||||||||||fre|d | ||
| 082 | 0 | 4 | |a 658.152 |b LOT |2 21 |
| 100 | |a Lotte, Louis |e autor |9 414036 | ||
| 245 | 1 | 3 | |a La tresorerie de l'entreprise: le fonds de roulement, le plan de tresorerie, les credits a court terme |
| 300 | |a 106 p | ||
| 942 | |c BK | ||
| 945 | |d 19980703 00:00:00 |a cmena | ||
| 260 | |a París |b D'Organisation |c 1964 | ||
| 650 | 0 | |a Administración financiera |9 261146 | |
| 650 | 0 | |a Finanzas |9 260832 | |
| 650 | 0 | |a Planificación estratégica |9 259735 | |
| 650 | 7 | |a PLANIFICACION Y CONTROL |2 CL-VaPUC |9 414037 | |
| 650 | 0 | |a Administración de empresas |9 260833 | |
| 650 | 0 | |a Inversiones |9 345867 | |
| 650 | 7 | |a CREDITOS |2 CL-VaPUC |9 414038 | |
| 583 | |a last modification |c 19980703 00:00:00 |k Rodrigo Vera | ||
| 490 | 0 | |a Finances et Entreprise, 1 | |
| 999 | |c 271756 |d 271754 | ||
| 952 | |0 0 |1 0 |4 0 |6 658_152000000000000_LOT_1964 |7 0 |8 P |9 306508 |a BIBGIM |b BIBGIM |d 2019-11-20 |i 1430599 |o 658.152 LOT 1964 |p 1430599 |r 2025-01-15 |w 2019-11-20 |y BK |k COM | ||
| 952 | |0 0 |1 0 |4 0 |6 658_152000000000000_LOT_1964 |7 0 |8 P |9 306509 |a BIBGIM |b BIBGIM |d 2019-11-20 |i 1430602 |o 658.152 LOT 1964 |p 1430602 |r 2025-01-15 |w 2019-11-20 |y BK |k COM | ||